| 000 | 00525nam a22001697a 4500 | ||
|---|---|---|---|
| 003 | PILC | ||
| 005 | 20150112093441.0 | ||
| 008 | 130301t xxu||||| |||| 00| 0 eng d | ||
| 020 | _a9712310027 | ||
| 050 |
_aHF 5549 _b.Si623 1991 |
||
| 082 |
_aSFf 658.3 _bSi8 1991 |
||
| 100 |
_aSison, Perfecto S. _919330 |
||
| 245 |
_aPersonnel and human resources management / _cPerfecto S. Sison |
||
| 260 |
_aMandaluyong _b Personnel Management Association of the Philippines _c1991. |
||
| 300 |
_a587 pages : _c26 cm. |
||
| 942 |
_2lcc _cBK |
||
| 999 |
_c14768 _d14768 |
||